000 00861nam a22003017a 4500
003 CHAP
005 20220329135017.0
008 971013s1981 r 00010 d
010 _a29506
011 _a30478
035 _a34590
040 _cCHAP
082 _a635.52
_bL4 1981
245 _aLettuce under glass
250 _aRev. ed.
260 _aLondon :
_bGrower Books,
_c1981
300 _a105 p.
_b: ilus.
490 _aGrower guide
_v; 21
590 _aBATCH-UPD
_b10
_c20130110
_lUCH01
_h0212
590 _aBATCH-UPD
_b10
_c20130110
_lUCH01
_h1346
590 _aCONVERSION
_b10
_c20130109
_lUCH01
_h1317
650 1 4 _aCultivos en invernadero.
_930376
650 1 4 _aLechuga.
_965452
830 0 _aGrower guide
_v; 21
_950840
901 _aBK
942 _cLIBRO
949 _a635.52 L4 1981
_bBC
_cLIBRO
_d33724000763827
_eLIBRO
_h59387
_i34590
_mDirecto
_si
999 _c29506
_d29506